<?xml version="1.0" encoding="UTF-8"?>
<collection xmlns="http://www.loc.gov/MARC21/slim">
  <record>
    <leader>00000nam  2200000   4500</leader>
    <controlfield tag="001">INLIS000000000018853</controlfield>
    <controlfield tag="005">20241224100851</controlfield>
    <datafield tag="035" ind1="#" ind2="#">
      <subfield code="a">0010-1224000224</subfield>
    </datafield>
    <controlfield tag="007">ta</controlfield>
    <controlfield tag="008">241224################g##########0#ind##</controlfield>
    <datafield tag="020" ind1="#" ind2="#">
      <subfield code="a">979 461 511 0</subfield>
    </datafield>
    <datafield tag="082" ind1="#" ind2="#">
      <subfield code="a">959.8</subfield>
    </datafield>
    <datafield tag="084" ind1="#" ind2="#">
      <subfield code="a">959.8 SAM m</subfield>
    </datafield>
    <datafield tag="100" ind1=" " ind2="#">
      <subfield code="a">Samsudin</subfield>
    </datafield>
    <datafield tag="245" ind1="1" ind2="#">
      <subfield code="a">Mengapa G30 S/PKI Gagal? :</subfield>
      <subfield code="b">Suatu Analisis /</subfield>
      <subfield code="c">Samsudin</subfield>
    </datafield>
    <datafield tag="260" ind1="#" ind2="#">
      <subfield code="a">Jakarta :</subfield>
      <subfield code="b">Yayasan Obor Indonesia,</subfield>
      <subfield code="c">2005</subfield>
    </datafield>
    <datafield tag="300" ind1="#" ind2="#">
      <subfield code="a">xxxvi, 316 halaman :</subfield>
      <subfield code="b">ilus ;</subfield>
      <subfield code="c">21 cm</subfield>
    </datafield>
    <datafield tag="650" ind1="#" ind2="4">
      <subfield code="a">G30S/PKI</subfield>
    </datafield>
    <datafield tag="520" ind1="#" ind2="#">
      <subfield code="a">Dalam buku ini, Pak Mayjen. (Purn.) Samsudin secara jeli dan cerdas membedah leadership para pimpinan PKI yang menjadi salah satu penyebab kegagalan gerakan pemberontakan tersebut. Analisisnya mengatakan bahwa kegagalan pemberontakan itu bermuara dari kepemimpinan top leader PKI, DN Aidit, yang dianggapnya tidak mampu dan salah mengambil putusan pada saat-saat kritis pelaksanaan kup. Menurut penulis, Aidit melakukan kesalahan paling fatal yakni meninggalkan Jakarta dan lari ke Jawa Tengah, dini hari tanggal 2 Oktober 1965, sehingga gerakan ini kehilangan komando dan mengakibatkan tercerai berai.&#13;
&#13;
Dengan latar belakang pengalamannya sebagai perwira tentara, penulis buku ini sangat fasih dan rinci dalam menguraikan gerakan militer dari kelompok pemberontak serta gerakan militer balasan dari tentara di bawah koordinasi Mayjen. Soeharto.</subfield>
    </datafield>
    <datafield tag="990" ind1="#" ind2="#">
      <subfield code="a">100112777</subfield>
    </datafield>
    <datafield tag="990" ind1="#" ind2="#">
      <subfield code="a">100112779</subfield>
    </datafield>
  </record>
</collection>
